<?xml version="1.0" encoding="UTF-8"?><?xml-stylesheet type="text/xsl" href="static/style.xsl"?><OAI-PMH xmlns="http://www.openarchives.org/OAI/2.0/" xmlns:xsi="http://www.w3.org/2001/XMLSchema-instance" xsi:schemaLocation="http://www.openarchives.org/OAI/2.0/ http://www.openarchives.org/OAI/2.0/OAI-PMH.xsd"><responseDate>2026-04-13T06:52:47Z</responseDate><request verb="GetRecord" identifier="oai:www.recercat.cat:2072/458219" metadataPrefix="marc">https://recercat.cat/oai/request</request><GetRecord><record><header><identifier>oai:recercat.cat:2072/458219</identifier><datestamp>2025-05-08T10:47:43Z</datestamp><setSpec>com_2072_98</setSpec><setSpec>col_2072_378192</setSpec></header><metadata><record xmlns="http://www.loc.gov/MARC21/slim" xmlns:dcterms="http://purl.org/dc/terms/" xmlns:xsi="http://www.w3.org/2001/XMLSchema-instance" xmlns:doc="http://www.lyncode.com/xoai" xsi:schemaLocation="http://www.loc.gov/MARC21/slim http://www.loc.gov/standards/marcxml/schema/MARC21slim.xsd">
   <leader>00925njm 22002777a 4500</leader>
   <datafield ind2=" " ind1=" " tag="042">
      <subfield code="a">dc</subfield>
   </datafield>
   <datafield ind2=" " ind1=" " tag="720">
      <subfield code="a">Soto Sanfiel, María Teresa</subfield>
      <subfield code="e">author</subfield>
   </datafield>
   <datafield ind2=" " ind1=" " tag="720">
      <subfield code="a">Villegas-Simón, Isabel</subfield>
      <subfield code="e">author</subfield>
   </datafield>
   <datafield ind2=" " ind1=" " tag="720">
      <subfield code="a">Angulo-Brunet, Ariadna</subfield>
      <subfield code="e">author</subfield>
   </datafield>
   <datafield ind2=" " ind1=" " tag="260">
      <subfield code="c">2021</subfield>
   </datafield>
   <datafield ind2=" " ind1=" " tag="520">
      <subfield code="a">This study aims to shed light on adolescents' characterizations of their preferred film entertainment. It seeks to describe the psychological responses of youngsters from two European countries (Italy and Spain) to dramas from the European region about current social/human issues. The study also seeks to determine if the adolescents' responses differ according to the film and the cultural context (country) to which they belong. For doing so, the research applies an innovative visual research technique in Media Communication: a correlational network analysis. A total of 234 Italian and Spanish adolescents watched three European dramas. Later, they completed four questionnaires measuring hedonic (enjoyment), eudaimonic (appreciation) responses and predictors of them (narrative engagement and perceived realism). The results present the visual intercorrelations of the studied variables, which give deeper insights into youngsters' gratifications in film consumption. These results suggest that films appear to be more influential than country in adolescents' responses. They also show there are specific models of responses for each film in each situation. The application of the visual quantitative tool broadens our knowledge on adolescents' entertainment through dramatic film and on the role of the cultural context and the audiovisual stimulus in the entertainment responses. It also challenges empirical studies using a single stimulus.</subfield>
   </datafield>
   <datafield tag="653" ind2=" " ind1=" ">
      <subfield code="a">Correlational network analysis</subfield>
   </datafield>
   <datafield tag="653" ind2=" " ind1=" ">
      <subfield code="a">Uses and gratifications</subfield>
   </datafield>
   <datafield tag="653" ind2=" " ind1=" ">
      <subfield code="a">Film reception</subfield>
   </datafield>
   <datafield tag="653" ind2=" " ind1=" ">
      <subfield code="a">Enjoyment</subfield>
   </datafield>
   <datafield tag="653" ind2=" " ind1=" ">
      <subfield code="a">Appreciation</subfield>
   </datafield>
   <datafield tag="653" ind2=" " ind1=" ">
      <subfield code="a">Engagement</subfield>
   </datafield>
   <datafield tag="653" ind2=" " ind1=" ">
      <subfield code="a">Perceived realism</subfield>
   </datafield>
   <datafield ind2="0" ind1="0" tag="245">
      <subfield code="a">Correlational network visual analysis of adolescents' film entertainment responses</subfield>
   </datafield>
</record></metadata></record></GetRecord></OAI-PMH>